|
|
|
|
| LEADER |
00000nab a2200000 ar4500 |
| 001 |
vtls009455681 |
| 003 |
SK-MaSNL |
| 005 |
20260303053922.0 |
| 008 |
081216c2008 xo mr|p|||||||000 b|slo |
| 015 |
|
|
|a SNBRB2008/12
|2 snkbucl
|
| 038 |
|
|
|a SNKBUCL
|
| 040 |
|
|
|a SNKBUCL
|b slo
|c SNKBUCL
|e AACR2
|
| 041 |
0 |
|
|a slo
|
| 044 |
|
|
|a xo
|c SK
|
| 080 |
|
|
|a 621:061.5
|2 2001
|
| 080 |
|
|
|a 338.124.4:336.76
|2 2001
|
| 100 |
1 |
|
|a Hudec, Marián
|4 aut
|9 499189
|
| 245 |
1 |
0 |
|a Ako sa vyhnúť rizikám
|c Marián Hudec
|
| 300 |
|
|
|b Fotogr.
|
| 610 |
2 |
7 |
|a Sauer-Danfoss (Považská Bystrica, Slovensko)
|2 snkbucl
|9 1044697
|
| 650 |
0 |
7 |
|a finančná kríza
|2 snkbucl
|9 69874
|
| 773 |
0 |
|
|t Revue priemyslu
|g Č. 11 (2008), s. 16
|x 1336-9857
|
| 852 |
|
|
|a SNK
|b KIS3GCP
|
| 999 |
|
|
|c 1721221
|d 1723151
|